| 000 | 00406nam a2200133Ia 4500 | ||
|---|---|---|---|
| 999 |
_c562 _d562 |
||
| 082 |
_a617.74 _bCAT |
||
| 100 | _aRozakis, George W. (ed) | ||
| 245 | 0 |
_aCataract Surgery _balternative small-incision techniques |
|
| 260 |
_aNew Delhi _bJaypee Brothers _c1995 |
||
| 300 |
_a194 p. _b:ill; |
||
| 504 | _ainclude index | ||
| 650 |
_aOphthalmology, ENT _vPhacofracture _vCataract Surgery, _vIMDC |
||
| 942 |
_cBK _2ddc |
||